00535 a2200181 450000100060000002000180000604000240002410000190004824000480006724500430011530000070015836200090016544000210017465000310019594200070022695201030023399900170033668764 a9788538051176 cAnchieta - Itaigara aMarenco, Susan10aBarbie Quero Ser... Artista Plásticalpor10aBarbie Quero Ser... Artista Plástica a290 a2013 1aCiranda Cultural 4aLiteratura infanto-juvenil cBK 00104070a88.1b88.1d2023-11-21l0o028.5 MAR BARp444/ITAr2023-11-21 20:03:03w2023-11-21yBK c68764d68764